[Event "BRA-ch 79th"]
[Site "Montenegro"]
[Date "2013.02.28"]
[Round "5"]
[White "Carneiro, Vitor Roberto Castr"]
[Black "Gotz, Klaus Seiji Furucho"]
[Result "1-0"]
[WhiteElo "2089"]
[BlackElo "2081"]
[PlyCount "87"]
[EventDate "2013.02.25"]
[EventType "tourn"]
[EventRounds "11"]
[EventCountry "BRA"]
[SourceTitle "CBM 153 Extra"]
[Source "ChessBase"]
[SourceDate "2013.04.22"]
[SourceVersion "1"]
[SourceVersionDate "2013.04.22"]
[SourceQuality "1"]

1. c4 Nf6 2. Nc3 g6 3. g3 Bg7 4. Bg2 0-0 5. e4 d6 6. Nge2 c5 7. 0-0 Nc6 8. d3 Ne8 9. Be3 Nd4 10. Rb1 a5 11. f4 f5 12. h3 Nc7 13. Qd2 Rb8 14. b3 Bd7 15. a4 Bc6 16. Nd5 Nce6 17. Nec3 Nc7 18. Kh2 e6 19. Nxc7 Qxc7 20. Nb5 Bxb5 21. axb5 b6 22. Bxd4 Bxd4 23. exf5 gxf5 24. Rbe1 Rbe8 25. Bc6 Re7 26. g4 fxg4 27. hxg4 Rg7 28. Qe2 e5 29. Bd5+ Kh8 30. fxe5 Rxf1 31. Qxf1 Qe7 32. Kh3 Bxe5 33. Qf5 Rg6 34. Rf1 Bf6 35. g5 Qe3+ 36. Rf3 Qxg5 37. Qxg5 Bxg5 38. Rf7 h5 39. Rb7 Bf4 40. Rxb6 Kg7 41. Rb8 Kf6 42. Rf8+ Ke5 43. Re8+ Kf6 44. Re6+ 1-0

[Event "BRA-ch Amateur"]
[Site "Sao Paulo"]
[Date "2013.02.12"]
[Round "7"]
[White "Pinto, Rendrex Lopes"]
[Black "Gotz, Klaus Seiji Furucho"]
[Result "1/2-1/2"]
[WhiteElo "1946"]
[BlackElo "2081"]
[PlyCount "33"]
[EventDate "2013.02.09"]
[EventType "swiss"]
[EventRounds "7"]
[EventCountry "BRA"]
[SourceTitle "CBM 152 Extra"]
[Source "ChessBase"]
[SourceDate "2013.02.25"]
[SourceVersion "1"]
[SourceVersionDate "2013.02.25"]
[SourceQuality "1"]

1. d4 Nf6 2. c4 g6 3. Nc3 Bg7 4. e4 d6 5. f4 0-0 6. Nf3 Na6 7. Be2 e5 8. dxe5 dxe5 9. Qxd8 Rxd8 10. Nxe5 Nc5 11. Bf3 Be6 12. 0-0 Nfd7 13. Nxd7 Bd4+ 14. Kh1 Rxd7 15. Rd1 c6 16. e5 Bxc3 17. Rxd7 1/2-1/2